Bilderrätsel: Deutsche Bands - Statistiken

Allgemein
  • Dieses Quiz wurde 725 mal gespielt
  • Das Durchschnittsergebnis liegt bei 13 aus 26
Antwortstatistiken
Bildquiz Antwort % Korrekt
Die Ärzte
85%
Die Toten Hosen
83%
Karat
82%
Die Fantastischen Vier
79%
Scorpions
76%
Alligatoah
69%
No Angels
68%
Silbermond
68%
Die Prinzen
64%
Fettes Brot
64%
Rosenstolz
62%
Scooter
54%
Kraftwerk
48%
Glasperlenspiel
47%
Feuerschwanz
44%
Tokio Hotel
43%
Revolverheld
37%
Polarkreis 18
36%
Deichkind
31%
Eisbrecher
26%
Ton Steine Scherben
26%
Antilopen Gang
22%
Torfrock
19%
Guano Apes
17%
Blind Guardian
15%
Pur
12%
Keine übereinstimmenden Quizze gefunden
Verteilung der Resultate
Anzahl Personen mit jedem Resultat
Perzentil nach korrekt beantworteten Fragen
Ihre Resultats-Entwicklung
Sie haben dieses Quiz noch nicht gespielt